Cumbres borrascosas / (Registro nro. 4541)
[ vista simple ]
| 000 -LEADER | |
|---|---|
| fixed length control field | 01288nam a2200325Ia 4500 |
| 003 - CONTROL NUMBER IDENTIFIER | |
| control field | OSt |
| 005 - DATE AND TIME OF LATEST TRANSACTION | |
| control field | 20250619155757.0 |
| 008 - FIXED-LENGTH DATA ELEMENTS--GENERAL INFORMATION | |
| fixed length control field | 191128s2014 sp er 000 f spa d |
| 020 ## - INTERNATIONAL STANDARD BOOK NUMBER | |
| International Standard Book Number | 9788497942232 |
| 040 ## - CATALOGING SOURCE | |
| Original cataloging agency | CO-JMCR |
| Transcribing agency | CO-JMCR |
| 041 1# - LANGUAGE CODE | |
| Language code of text/sound track or separate title | spa |
| Language code of original | eng |
| 082 04 - DEWEY DECIMAL CLASSIFICATION NUMBER | |
| Classification number | A-N |
| Item number | BROc |
| Edition number | 23 |
| 100 1# - MAIN ENTRY--PERSONAL NAME | |
| Personal name | Brontë, Emily Jane, |
| Relator term | autora |
| 9 (RLIN) | 6375 |
| 245 10 - TITLE STATEMENT | |
| Title | Cumbres borrascosas / |
| Statement of responsibility, etc. | Emily Brontë |
| 260 ## - PUBLICATION, DISTRIBUTION, ETC. | |
| Place of publication, distribution, etc. | Madrid : |
| Name of publisher, distributor, etc. | Edimat Libros, |
| Date of publication, distribution, etc. | 2014. |
| 300 ## - PHYSICAL DESCRIPTION | |
| Extent | 343 páginas ; |
| Dimensions | 22 cm. |
| 490 0# - SERIES STATEMENT | |
| Series statement | Clásicos selección |
| 500 ## - GENERAL NOTE | |
| General note | Título original: Wuthering Heights |
| 520 ## - SUMMARY, ETC. | |
| Summary, etc. | Novela del enfrentamiento apasionado, en muchos momentos violento, entre Heathcliff y Catherine. Como se han criado juntos durante la infancia, casi en un plano de igualdad, la unión parece imposible. Sin embargo, él lo intenta obstinadamente y cuando se |
| 546 ## - LANGUAGE NOTE | |
| Language note | Traducido del inglés. |
| 650 14 - SUBJECT ADDED ENTRY--TOPICAL TERM | |
| Topical term or geographic name entry element | Novela inglesa. |
| 9 (RLIN) | 6376 |
| Chronological subdivision | Siglo xx |
| 650 24 - SUBJECT ADDED ENTRY--TOPICAL TERM | |
| Topical term or geographic name entry element | Literatura inglesa. |
| Chronological subdivision | Siglo xx |
| 9 (RLIN) | 14247 |
| 650 24 - SUBJECT ADDED ENTRY--TOPICAL TERM | |
| Topical term or geographic name entry element | Amor en la literatura. |
| 9 (RLIN) | 634 |
| 650 24 - SUBJECT ADDED ENTRY--TOPICAL TERM | |
| Topical term or geographic name entry element | Sufrimiento en la literatura. |
| 9 (RLIN) | 41895 |
| 650 24 - SUBJECT ADDED ENTRY--TOPICAL TERM | |
| Topical term or geographic name entry element | Misterio en la literatura. |
| 9 (RLIN) | 790 |
| 650 24 - SUBJECT ADDED ENTRY--TOPICAL TERM | |
| Topical term or geographic name entry element | Odios en la literatura. |
| 9 (RLIN) | 41896 |
| 650 24 - SUBJECT ADDED ENTRY--TOPICAL TERM | |
| Topical term or geographic name entry element | Sentimientos en la literatura. |
| 9 (RLIN) | 40496 |
| 650 24 - SUBJECT ADDED ENTRY--TOPICAL TERM | |
| Topical term or geographic name entry element | Venganza en la literatura. |
| 9 (RLIN) | 41897 |
| 942 ## - ADDED ENTRY ELEMENTS (KOHA) | |
| Source of classification or shelving scheme | Dewey Decimal Classification |
| Koha item type | Books |
| Withdrawn status | Lost status | Source of classification or shelving scheme | Damaged status | Not for loan | Collection code | Home library | Current library | Date acquired | Source of acquisition | Cost, normal purchase price | Total Checkouts | Total Renewals | Full call number | Barcode | Date due | Date last seen | Date last checked out | Copy number | Koha item type | Public note |
|---|---|---|---|---|---|---|---|---|---|---|---|---|---|---|---|---|---|---|---|---|
| Dewey Decimal Classification | Fiction | Biblioteca Pública José María del Castillo y Rada | Biblioteca Pública José María del Castillo y Rada | 11/28/2019 | Donación | 0.00 | 14 | 8 | A-N BROc1 | 201809415 | 04/21/2026 | 04/09/2026 | 04/09/2026 | Ej.1 | Books | Reposición por usuario |